العالم البيزنطى / (Record no. 51794)
[ view plain ]
| 000 -الفاتح | |
|---|---|
| حقل البيانات ثابتة الطول | 00849nam a2200217Ia 4500 |
| 005 - وقت وتاريخ اخر تعامل مع التسجيلة | |
| رقم الضبط | 20240530104924.0 |
| 008 - عناصر البيانات ثابتة الطول - معلومات عامة | |
| حقل البيانات ثابتة الطول | 140319s1997 ua 000 0 ara d |
| 040 ## - مصدر الفهرسة | |
| وكالة الفهرسة الأصلية | GCL / |
| وكالة النسخ | GCL |
| 082 04 - رقم تصنيف ديوى العشرى | |
| رقم التصنيف | 949.501/ |
| رقم المادة | هـ ع |
| 100 1# - المدخل الرئيسى - إسم شخصى | |
| الإسم الشخصى | هسى، ج. م. |
| 245 12 - بيان العنوان | |
| العنوان | العالم البيزنطى / |
| بيان المسئوليه,etc | ج. م.هسى ؛ ترجمة وتقديم وتعليق رافت عبدالحميد |
| 260 ## - PUBLICATION, DISTRIBUTION, ETC. (IMPRINT) | |
| تاريخ النشر أو التوزيع | 1997. |
| 300 ## - الوصف المادى | |
| التعداد | 347 ص.؛ |
| أبعاد الوعاء | 24 سم. |
| 650 04 - المدخل الاضافى بالموضوع-مصطلح موضوعى | |
| مصطلح موضوعي | اليونان |
| 650 04 - المدخل الاضافى بالموضوع-مصطلح موضوعى | |
| مصطلح موضوعي | اليونان القديمة - تاريخ |
| 650 04 - المدخل الاضافى بالموضوع-مصطلح موضوعى | |
| مصطلح موضوعي | اليونان - تاريخ |
| 650 04 - المدخل الاضافى بالموضوع-مصطلح موضوعى | |
| مصطلح موضوعي | اليونان - تاريخ -العصر الرومان |
| 700 0# - المدخل الاضافى - اسم شخصى | |
| الإسم الشخصى | رافت عبدالحميد |
| الدور | مترجم ومقدم ومعلق |
| 942 ## - عناصر المدخل الإضافي( كوها) | |
| مصدر التصنيف او مخطط الترفيف | Dewey Decimal Classification |
| Koha [default] item type | كتاب |
| 260 ## - PUBLICATION, DISTRIBUTION, ETC. (IMPRINT) | |
| -- | القاهرة : |
| -- | عين للدراسات والبحوث الانسانية والاجتماعية، |
| حالة التراجع | حالة الفقد | حالة تلف | ليس للاعارة | المكان المؤقت | الموقع الحالى | تاريخ الاكتساب | اجمالي اﻻعارات | رقم الطلب | الباركود | تاريخ اخر مشاهدة | تاريخ تفعيل السعر | نوع وعاء كوها |
|---|---|---|---|---|---|---|---|---|---|---|---|---|
| مكتبة القاهرة الكبرى | مكتبة القاهرة الكبرى | 03/26/2014 | 949.501/هـ ع | 123939 | 03/26/2014 | 03/26/2014 | كتاب | |||||
| مكتبة القاهرة الكبرى | مكتبة القاهرة الكبرى | 03/26/2014 | 949.501/هـ ع | 123940 | 03/26/2014 | 03/26/2014 | كتاب | |||||
| مكتبة القاهرة الكبرى | مكتبة القاهرة الكبرى | 03/26/2014 | 949.501/هـ ع | 123941 | 03/26/2014 | 03/26/2014 | كتاب | |||||
| مكتبة القاهرة الكبرى | مكتبة القاهرة الكبرى | 03/26/2014 | 949.501/هـ ع | 123942 | 03/26/2014 | 03/26/2014 | كتاب |

